Countries that have banned Roblox (As of Dec 2025) - Statistics

General Stats
  • This quiz has been taken 17 times
  • The average score is 6 of 10
Answer Stats
Answer % Correct
China
87%
North Korea
87%
Russia
80%
Turkey
67%
Iraq
60%
Qatar
53%
Jordan
40%
Oman
40%
Palestine
27%
Algeria
13%
No matching quizzes found
Score Distribution
Percent of People with Each Score
Percentile by Number Answered
Your Score History
You have not taken this quiz